00660nam a2200145 a 450000100100000000500170001000800410002704000250006808200150009310000210010824501500012926000690027930000200034850001460036800003284320200930065851.0110727s1907 dr 000 0 spa d aDO-SdBNPbspacBNPHU axxxxbL6811 aLeyba, Felipe E.10aA quién pertenece la provisión de fondos, cuando el librador cae el quiebra antes del vencimiento de la letra de cambio?. /cFelipe E. Leyba. aSanto Domingo. :bInstituto profesional de Santo Domingo,c1907. a32 p. ;c22 cm. aOriginalmente presentado como tesis para optar por la licenciatura en la facultad de derecho civil del Instituto profesional de Santo Domingo